Normal view
MARC view
- West, Harry H And Geschwindner Louis
Entry Personal Name
001 - CONTROL NUMBER
- control field: 38429
003 - CONTROL NUMBER IDENTIFIER
- control field: NUST
005 - DATE AND TIME OF LATEST TRANSACTION
- control field: 20210314130718.0
008 - FIXED-LENGTH DATA ELEMENTS
- fixed length control field: 210314|| aca||aabn | a|a d
040 ## - CATALOGING SOURCE
- Original cataloging agency: NUST
- Transcribing agency: NUST
100 ## - HEADING--PERSONAL NAME
- Personal name: West, Harry H And Geschwindner Louis
670 ## - SOURCE DATA FOUND
- Source citation: Work cat.: (NUST): West, Harry H And Geschwindner Louis, Fundamentals of structural analysis, 2002
